Normal view
MARC view
- Medical genetics.
Entry Topical Term
001 - CONTROL NUMBER
- control field: 6339
003 - CONTROL NUMBER IDENTIFIER
- control field: NUST
005 - DATE AND TIME OF LATEST TRANSACTION
- control field: 20171114090724.0
008 - FIXED-LENGTH DATA ELEMENTS
- fixed length control field: 171114|| aca||aabn | a|a d
040 ## - CATALOGING SOURCE
- Original cataloging agency: NUST
- Transcribing agency: NUST
150 ## - HEADING--TOPICAL TERM
- Topical term or geographic name entry element: Medical genetics.
670 ## - SOURCE DATA FOUND
- Source citation: Work cat.: (NUST)0: Trent, R. J. 6338, Molecular medicine :, 2012.
